Guess the birthplace of KPop Idols - Statistics

General Stats
  • This quiz has been taken 65 times
  • The average score is 6 of 15
Answer Stats
Idol City/Town Group % Correct
Eunha Seoul GFRIEND
86%
Minnie Bangkok (G)I-dle
68%
Felix Sydney Stray Kids
68%
Nako Tokyo IZ*ONE
66%
Yuqi Beijing (G)I-dle
52%
Suga Daegu BTS
52%
Vivi Hongkong Loona
48%
Rosé Auckland Blackpink
40%
Jisoo Gunpo Blackpink
20%
Ningning Harbin aespa
18%
Hikaru Fukuoka Kep1er
16%
Heuning Kai Honolulu TXT
16%
Xiaoting Chengdu Kep1er
14%
Alex Mainz Drippin
10%
Lily Victoria NMIXX
8%
No matching quizzes found
Score Distribution
Percent of People with Each Score
Percentile by Number Answered
Your Score History
You have not taken this quiz